000 00676nam a22001697a 4500
003 PILC
005 20150306150647.0
008 150306b xxu||||| |||| 00| 0 eng d
050 _aLB 1620.5
_b.T915 2015
100 _aTugaff, Russel Joy G.
245 _aFactors affecting career choice of fourth-year high school students of Las Piñas City East National High School, Talon Village Annex (LPENHS-TVA) /
_cRussel Joy G. Tugaff.
260 _aLas Piñas City, Philippines :
_bSouthville International School and Colleges,
_cc2015.
300 _a146 pages :
_billustrations ;
_c28 cm.
521 _aBusiness Administration
650 _aVocational guidance.
942 _2lcc
_cTH
999 _c283742
_d283742